Manual de anestesia clinica / (Registro nro. 10190)

Detalles MARC
000 -LEADER
fixed length control field 01476nam a2200349 4500
001 - CONTROL NUMBER
control field 0000022568
003 - CONTROL NUMBER IDENTIFIER
control field CO-CtgCURN
005 - DATE AND TIME OF LATEST TRANSACTION
control field 20260324153623.0
007 - PHYSICAL DESCRIPTION FIXED FIELD--GENERAL INFORMATION
fixed length control field ta
008 - FIXED-LENGTH DATA ELEMENTS--GENERAL INFORMATION
fixed length control field 160627s2002 000 0 eng d
020 ## - INTERNATIONAL STANDARD BOOK NUMBER
International Standard Book Number 0781729181
040 ## - CATALOGING SOURCE
Original cataloging agency CO-CtgCURN
Language of cataloging spa
Transcribing agency coctgcurn
082 0# - DEWEY DECIMAL CLASSIFICATION NUMBER
Classification number 617.96
Item number B17m
100 1# - MAIN ENTRY--PERSONAL NAME
Personal name Barash, Paul G.
245 10 - TITLE STATEMENT
Title Manual de anestesia clinica /
Statement of responsibility, etc. Paul G. Barash , Bruce F. Cullen, Robert K. Stoelting , traducción Martha ElenaAraiza Martínez.
250 ## - EDITION STATEMENT
Edition statement 4a ed.
260 ## - PUBLICATION, DISTRIBUTION, ETC.
Place of publication, distribution, etc. Bogotá :
Name of publisher, distributor, etc. McGraw-Hill,
Date of publication, distribution, etc. 2002.
300 ## - PHYSICAL DESCRIPTION
Extent 1068 p.
336 ## - CONTENT TYPE
Source rdacontent
337 ## - MEDIA TYPE
Source rdamedia
Media type term sin mediacion
Media type code n
338 ## - CARRIER TYPE
Source rdacarrier
Carrier type term volumen
Carrier type code nc
500 ## - GENERAL NOTE
General note Incluye indice alfabetico y apendice.
505 8# - FORMATTED CONTENTS NOTE
Formatted contents note Historia de la anestesiología.--Introducción a la practica de la anestesia.--Principios basicos de la practica anestesica.--Principios basicos de la farmacología en la practica anestesica.--Preparacion para la anestesia.--Administracion de la anestesia.--Posanestesia y practica de consulta
590 ## - LOCAL NOTE (RLIN)
Local note Especialidades Médico-Quirúrgicas (Medicina)
650 14 - SUBJECT ADDED ENTRY--TOPICAL TERM
Topical term or geographic name entry element Anestesia
Form subdivision Ensayos, conferencias, etc.
700 1# - ADDED ENTRY--PERSONAL NAME
Personal name Robert K. Stoelting.
908 ## - PUT COMMAND PARAMETER (RLIN)
Put command parameter 160627
942 ## - ADDED ENTRY ELEMENTS (KOHA)
Koha item type Libros
Classification part 617.96
Item part B17m
Source of classification or shelving scheme Dewey Decimal Classification
Existencias
Withdrawn status Lost status Source of classification or shelving scheme Damaged status Not for loan Collection Home library Current library Shelving location Date acquired Inventory number Total checkouts Full call number Barcode Date last seen Copy number Price effective from Koha item type Public note
    Dewey Decimal Classification     General Miguel Henríquez Emiliani Miguel Henríquez Emiliani General 03/29/2025 010525   617.96 B17m 010525 03/29/2025 ej.1 03/29/2025 Libros 610-CIENME
    Dewey Decimal Classification     General Miguel Henríquez Emiliani Miguel Henríquez Emiliani General 03/29/2025 010531   617.96 B17m 010531 03/29/2025 ej.2 03/29/2025 Libros 610-CIENME
    Dewey Decimal Classification     General Miguel Henríquez Emiliani Miguel Henríquez Emiliani General 03/29/2025 010532   617.96 B17m 010532 03/29/2025 ej.3 03/29/2025 Libros 610-CIENME